000 01261nam a2200217Ia 4500
999 _c38509
_d38509
003 OSt
005 20220407125301.0
008 160316s1995 xxu||||| |||| 00| 0 eng d
020 _a9780791424124
040 _cn
082 _a291.172000
_bLAR
100 _aLarson Gerald James
245 _aIndias agony over religion
260 _aNew York
_bState University Of New York Press
_c1995
300 _a393p
365 _b Gratis
505 _aSynopsis: Presents the contemporary religious crisis in India, providing historical perspective and focusing on the crises in Punjab, Kashmir, and Ayodhya. Many of ancient India's religious traditions are alive in modern India, and many of these religious traditions are in conflict with one another regarding the future of India. Even the so-called "secular state" is deeply pervaded by religious sentiments growing out of the Neo-Hindu nationalist movement of Gandhi and Nehru. A careful analysis of the current religious scene when placed in its proper long-term historical perspective raises interesting questions about the nature and future of religion not only in India but elsewhere as well.
650 _a1. Religion - Civil Religion - India2. Religion & State
700 _a
_a
942 _2ddc
_cBK